00542 a2200181 4500003000500000005001700005040000900022082001000031100002500041245007900066260003700145300001300182650001600195651001900211942000800230999001900238952010300257Nust20170207171856.0 cNust a005.1 aMughal Aysha BESE-18 aUr-Ring Urdu Finger Reader Ring cAysha Mughal, Maha Farhat, Zehaib Mohsin aMCS, NUSTbRawalpindicJune 2016 axi, 74 p aUG Projects aUG CSE Project cPRG c219405d219405 00102ddc40708NFICaMCSbMCSd2016-12-12l0o005.1 MUGpMCSPCS-289r2016-12-08w2016-12-12yBK